| 000 | 00702nam a2200229Ia 4500 | ||
|---|---|---|---|
| 001 | 15909 | ||
| 003 | GE_BSU | ||
| 008 | 181216s||||||||xx |||||||||||||| ||und|| | ||
| 040 | _cGE_BSU | ||
| 080 | _a821.353.1-1 | ||
| 100 | _aხალვაში, ფრიდონ | ||
| 245 | _aკეთილი იმედის ზღვა | ||
| 245 | _bლექსები | ||
| 245 | _cრედ.შ.ზოიძე.მხ.მ.ხალვაში | ||
| 260 | _aბათუმი | ||
| 260 | _bსაბჭ. აჭარა | ||
| 260 | _c1975 | ||
| 300 | _a79გვ. ; 16სმ. | ||
| 653 | _aკეთილი იმედის ზღვა | ||
| 653 | _aლექსები | ||
| 942 | _cBK | ||
| 999 |
_c49004 _d49004 |
||